00373nam a22001457a 4500003000400000020001800004082001700022100002100039245005500060250000800115260002700123300000900150650001300159653005500172SGT a9788190648981 a615.53bC10L aLAVEKAR, G.S,ed. aCLINICAL RESEARCH PROTOCOLS FOR TRADITIONAL HEALTH a1ST aNEW DELHIbCCRASc2010 a1090 aAYURVEDA aCLINICAL, RESEARCH, PROTOCOLS, TRADITIONAL, HEALTH